Library Banner

Ala musharif ul Quran ul khamis ashar ul hijari/ (Record no. 93647)

MARC details
000 -LEADER
fixed length control field 00409nam a22001457a 4500
005 - DATE AND TIME OF LATEST TRANSACTION
control field 20170517091558.0
008 - FIXED-LENGTH DATA ELEMENTS--GENERAL INFORMATION
fixed length control field 170517b xxu||||| |||| 00| 0 eng d
040 ## - CATALOGING SOURCE
Transcribing agency PK-LaUMT
082 ## - DEWEY DECIMAL CLASSIFICATION NUMBER
Classification number ZIAC 297.01
Item number IBR-A
100 ## - MAIN ENTRY--PERSONAL NAME
Personal name Ibrahim bin Ali
245 ## - TITLE STATEMENT
Title Ala musharif ul Quran ul khamis ashar ul hijari/
Statement of responsibility, etc Ibrahim bin Ali
260 ## - PUBLICATION, DISTRIBUTION, ETC. (IMPRINT)
Place of publication, distribution, etc بیروت:
Name of publisher, distributor, etc دارالشروق،
Date of publication, distribution, etc 1979
300 ## - PHYSICAL DESCRIPTION
Extent 174 ص
942 ## - ADDED ENTRY ELEMENTS (KOHA)
Koha item type Books
Holdings
Withdrawn status Lost status Damaged status Home library Current library Date acquired Full call number Barcode Date last seen Price effective from Koha item type
      UMT Main Campus UMT Main Campus 2017-05-17 ZIAC 297.01 IBR-A 108814 2017-05-17 2017-05-17 Books